| 000 | 00989nam a2200301 a 4500 | ||
|---|---|---|---|
| 001 | 000081672 | ||
| 005 | 20200120224614.0 | ||
| 008 | 161123s2012 sp a|||g n||| 000 cdspa d | ||
| 020 | _a9788415990864 | ||
| 041 | 0 | _a#spa | |
| 043 | _aae-uk-en | ||
| 090 |
_aJH _bADA |
||
| 100 | 1 | _aAdams, Neal | |
| 245 | 1 | 3 |
_aEl universo DC de Neal Adams / _cNeal Adams ; prólogo Paul Levitz ; traducción Guillermo Ruiz Carreras. |
| 250 | _a1a. ed. | ||
| 260 |
_aBarcelona : _bECC Ediciones, _c2012. |
||
| 300 |
_a[298 páginas] : _bilustraciones a color. |
||
| 490 | 0 | _aDC Comics | |
| 500 | _aIncluye índice y Biografías | ||
| 650 | 1 | 7 |
_aTiras cómicas, historietas, etc. _2LEMB |
| 650 | 2 | 7 |
_aLiteratura juvenil _2LEMB |
| 650 | 2 | 7 |
_aNovela gráfica _2LEMB |
| 650 | 2 | 7 |
_aHéroes en la literatura _2LEMB |
| 650 | 2 | 7 |
_aBien y mal en la literatura _2LEMB |
| 650 | 2 | 7 |
_aAventuras en la literatura _2LEMB |
| 700 | 1 |
_aLevitz, Paul, _pprologuista |
|
| 700 | 1 |
_aRuiz Carreras, Guillermo, _ctraductor |
|
| 999 |
_c10083 _d10083 |
||